000 00612nam a2200217Ia 4500
003 OSt
005 20220926041723.0
006 a|||||r|||| 00| 0
007 ta
008 220923b |||||||| |||| 00| 0 eng d
037 _cGeneral Book
040 _aRTL
_cRTL
_beng
041 _2eng
_aeng
082 _aX9:89Q, J6
100 _aVoris William
_9345258
245 0 _aProduction control
_b Text and cases 1956
490 _aIrwin Series in Industrial Engineering and Management
650 _aQuality Control
942 _hX9:89Q, J6
_cGB
_2CC
999 _c667857
_d667857